00865nas a2200229Ia 4500001001100000003000900011008004100020040001300061040001300074041001200087100004200099210001900141222001900160245014200179250001100321260004000332501008600372300002000458362002600478500009300504650003800597R951/D2328IT-RoPAU151124c99999999xx |||||||||||| ||und|| aIT-RoPAU cIT-RoPAU aINGLESE aKollar RenegCodice Aut. SPICS: 52046 aECCLESIA ORANS aEcclesia Orans aECCLESIA ORANS, ANNO 10-N.02 (1993)bAnglican Benedictine Monks And Roman Catholic Liturgy: The Relationship Between Worship And Doctrine a1a ed. aROMAbCENTRO STUDI S. ANSELMOc1993 bPaulus - SPICS - Società San Paolo EM (non-commercial uses only)cCopyright2015 a17 p. [183-199] aANNO 010, N.02 (1993) aMonaci Benedettini Anglicani e Liturgia Cattolica Romana: Rapporti tra Culto e Dottrina. aLITURGIAvPUBBLICAZIONE PERIODICA